| 000 | 00937nam a22002653u 4500 | ||
|---|---|---|---|
| 001 | DHIM2023042012570041 | ||
| 003 | RU-10907106 | ||
| 005 | 20230831113503.0 | ||
| 007 | tu | ||
| 008 | 230420b |||||||| |||| 00| 0 rus d | ||
| 020 |
_9978-5-00165-628-9 _a9785001656289 |
||
| 040 |
_aRU-10907106 _bger _cRU-10907106 |
||
| 100 |
_4aut _aRossi, Marina _eVerfasser _922844 |
||
| 240 | 1 | 2 | _aI partigiani sovietice e la liberazione dell'italia |
| 245 | 1 |
_aSovetskie partizany i osvoboždenie Italii _cMarina Rossi ; perevod s ital'janskogo, kommentarii M. G. Talalaja |
|
| 264 | 1 |
_aSankt-Peterburg : _bAletejja, _c2023 |
|
| 300 |
_a216 Seiten : _bIllustrationen |
||
| 336 |
_2rdacontent _aText _btxt |
||
| 337 |
_2rdamedia _aOhne Hilfsmittel zu benutzen _bn |
||
| 338 |
_2rdacarrier _aBand _bnc |
||
| 650 |
_aPartisan _91712 |
||
| 651 | _aItalien | ||
| 700 |
_4trl _aTalalaj, Michail Grigorʹevič _922858 _eÜbersetzerIn |
||
| 942 |
_2z _cMG |
||
| 999 |
_c62255 _d62255 |
||